000
00285nam a22001217a 4500
008
170504b xxu||||| |||| 00| 0 eng d
041
_a
ALB
080
_a
341
100
_a
14
101
_a
SHJ
245
_a
GJENOCIDI NE TE DREJTEN NDERKOMBETARE
_c
SCHAHAS.W.A
942
_2
udc
_c
BK
999
_c
12697
_d
12697